| 000 | 01195nam a2200349Ia 4500 | ||
|---|---|---|---|
| 001 | Z_1784 | ||
| 008 | 220601s9999 xx 000 0 und d | ||
| 020 | _a968-26-0351-x | ||
| 082 | _a631.81 C66 | ||
| 100 |
_aCooke, George William, 1916- _9178682 |
||
| 245 | _aFertilizacion para rendimientos maximos / G. w. cooke ; tradución Antonio Marino Ambrosio | ||
| 250 | _a5a. reimpresión | ||
| 260 | _aMéxico : CECSA | ||
| 300 | _a383 p. | ||
| 500 | _aTraducción de la obra en inglés: Fertilizing for maximum yield, 2a. edisión de 1975 | ||
| 503 | _aej.1: C/E \ ej.2: C/E | ||
| 504 | _aBibliografía: p. 362 - 370 | ||
| 650 | _a1. Fertilizantes | ||
| 650 |
_aFertilizantes orgánicos _9138942 |
||
| 650 |
_aEstiércol _938313 |
||
| 650 |
_aFertilizantes compuestos _9138939 |
||
| 650 |
_aFertilizantes fosforados _9138941 |
||
| 650 |
_aFertilizantes de nitrógeno _9138940 |
||
| 650 |
_aBiofertilizantes _912734 |
||
| 650 |
_aRendimiento de los cultivos _9138943 |
||
| 700 |
_aMarino Ambrosio, Antonio, tr.Ì _9178684 |
||
| 901 | _a631.81 C66 | ||
| 902 | _aM | ||
| 905 | _a523227 1983 mx mn 8222213312spa16 | ||
| 942 | _c1 | ||
| 999 |
_c216859 _d216859 |
||